toutes les principautés - Statistiques

Statistiques générales
  • Ce quiz a été pris 156 fois
  • Le résultat moyen est 4 sur 5
Statistiques - réponses
nombres habitants principautés % Correct
39 244 Monaco
93%
77 265 Andorre
88%
825 Vatican
78%
38 137 Liechtenstein
71%
33 938 Saint-Marin
66%
Aucun quiz correspondant
Distribution des résultats
% des personnes avec chaque résultat
Percentile par nombre de réponses
Votre historique - résultats
Vous n’avez pas pris ce quiz